U.S. States by City - Easy - Statistics

General Stats
  • This quiz has been taken 309 times
  • The average score is 43 of 50
Answers on the Map
Answers color-coded by a green-red scale on the quiz's map according to % correct below.
 
Answer Stats
City State % Correct
Dallas Texas
100%
Honolulu Hawaii
97%
Indianapolis Indiana
97%
San Francisco California
95%
Nashville Tennessee
95%
Atlanta Georgia
94%
New York City New York
94%
Seattle Washington
94%
Iowa City Iowa
93%
Salt Lake City Utah
93%
Denver Colorado
92%
Tucson Arizona
90%
Boise Idaho
90%
Oklahoma City Oklahoma
90%
Miami Florida
89%
Chicago Illinois
89%
Baltimore Maryland
89%
Boston Massachusetts
89%
Juneau Alaska
88%
Minneapolis Minnesota
88%
St. Louis MIssouri
88%
Santa Fe New Mexico
88%
Cincinnati Ohio
88%
Charlotte North Carolina
86%
Portland Oregon
86%
Hartford Connecticut
85%
New Orleans Louisiana
85%
Omaha Nebraska
85%
Montgomery Alabama
84%
Little Rock Arkansas
83%
Jackson Mississippi
83%
Trenton New Jersey
83%
Pittsburgh Pennsylvania
83%
Wichita Kansas
82%
Bismarck North Dakota
82%
Madison Wisconsin
82%
Louisville Kentucky
81%
Reno Nevada
81%
Providence Rhode Island
81%
Cheyenne Wyoming
78%
Grand Rapids Michigan
77%
Augusta Maine
76%
Helena Montana
76%
Concord New Hampshire
76%
Sioux Falls South Dakota
76%
Columbia South Carolina
72%
Charleston West Virginia
71%
Burlington Vermont
70%
Arlington Virginia
70%
Wilmington Delaware
69%
No matching quizzes found
Score Distribution
Percent of People with Each Score
Percentile by Number Answered
Your Score History
You have not taken this quiz